01321nam a2200325 a 450000100060000000300080000600500170001400800410003102000360007203500190010804000370012704100080016408200250017224501460019726000590034330000280040250400510043065000440048165000600052565000730058565100450065865100490070365100490075265100430080170000320084470000190087670000290089570000240092471000470094826392BD-RjUL20211209051018.0140322s1996 nju b 101 0 eng d a0691043825 (cloth : alk. paper) a(BD-RjUL)26462 aDLCbengcDLCdDLCdTOCdBD-RjUL aeng00a950.41220bJAP 199604aThe Japanese wartime empire, 1931-1945 /cedited by Peter Duus, Ramon H. Myers, and Mark R. Peattie ; contributors Wan-yao Chou ... [et al.]. aPrinceton, N.J. :bPrinceton University Press,cc1996. axlvii, 375 p. ;c25 cm. aIncludes bibliographical references and index. 0aWorld War, 1939-1945zAsiaxCongresses. 0aWorld War, 1939-1945xOccupied territoriesxCongresses. 0aSino-Japanese Conflict, 1937-1945xOccupied territoriesxCongresses. 0aAsiaxHistoryy20th centuryxCongresses. 0aAsiaxMilitary relationszJapanxCongresses. 0aJapanxMilitary relationszAsiaxCongresses. 0aJapanxHistoryy1926-1945xCongresses.1 aMyers, Ramon Hawley,d1929-1 aChou, Wan-yao.1 aPeattie, Mark R.,d1930-1 aDuus, Peter,d1933-2 aJapan-United States Friendship Commission.